Statistics for Say So - Doja Cat Lyrics

Click here to take the quiz!

General Stats

  • This quiz has been taken 279 times
  • The average score is 212 of 321

Answer Stats

HintLyrics% Correct
say
98%
Say
98%
so
98%
so?
98%
You
96%
you
96%
I
94%
to
88%
no
87%
do?
86%
even
86%
me,
86%
me
86%
Why
85%
why
85%
a
84%
Didn't
84%
in
82%
keep
82%
it
81%
it?
81%
it,
81%
notice,
81%
don't
79%
the
79%
be
76%
got
75%
with
74%
roll
73%
want
73%
love
72%
your
72%
punches
71%
been
69%
day
68%
Chorus2xDay
68%
night
68%
morning,
67%
my
67%
time
65%
ain't
64%
And
64%
and
64%
Verse1It's
64%
long
64%
moment
64%
He
63%
he
63%
focused;
61%
Verse2Let
61%
let
61%
like
61%
Like
61%
since
61%
fell
60%
check
57%
real
57%
this
56%
we
56%
All
55%
all
55%
had,
55%
had
55%
If
55%
stop
55%
ass
54%
I'm
54%
left
54%
can
52%
dress
52%
what
52%
seen
50%
Tell
50%
yourself
50%
quick
49%
ever
48%
grab
48%
have
47%
known
46%
need
46%
really
46%
scream
46%
around
45%
babe
45%
Boy,
45%
chest,
45%
dance
45%
shout
45%
out
44%
coming
43%
impressed
43%
shell,
43%
shy?
43%
on
42%
won't
42%
actin'
41%
'Cause
41%
him,
41%
him
41%
I'll
41%
playing,
41%
Before
40%
I'd
40%
must
40%
at
39%
leave
39%
Never
39%
dry
38%
titties
38%
zip
37%
bouncing
36%
bush?
36%
fast
36%
set
36%
steal
35%
bad
34%
beating
33%
but
33%
good
33%
of
33%
Take
33%
'round
32%
cheesin'
31%
luckily
31%
Prolly
31%
try
31%
breathe
30%
committed
29%
reading
29%
b*tches
28%
wouldn't
27%
bug
26%
own
26%
woman
26%
knowin'
25%
quiet
25%
save
25%
them
25%
'til
25%
knock
24%
mad
23%
frontin',
22%
pushin'
21%
Shut
21%
n*ggas
20%
than
20%
pretty
19%
sayin'
19%
Realer
18%
anybody
17%
hating
15%
body-ody,
14%

Score Distribution

Percentile by Number Answered

Percent of People with Each Score

Your Score History

You have not taken this quiz